О влиянии размера плоскодонного отверстия в цилиндрическом образце на уровень донного сигнала; Дефектоскопия; № 9

ग्रंथसूची विवरण
Parent link:Дефектоскопия.— , 1965-.— 0130-3082
№ 9.— 2005.— С. 10-18
मुख्य लेखक: Данилов В. Н.
भाषा:रूसी
प्रकाशित: 2005
श्रृंखला:Акустические методы
विषय:
स्वरूप: पुस्तक अध्याय
KOHA link:https://koha.lib.tpu.ru/cgi-bin/koha/opac-detail.pl?biblionumber=428803

MARC

LEADER 00000naa2a2200000 4500
001 428803
005 20231101074852.0
035 |a (RuTPU)RU\TPU\prd\88413 
035 |a RU\TPU\prd\40480 
090 |a 428803 
100 |a 20101019a2005 k y0rusy50 ca 
101 0 |a rus 
102 |a RU 
200 1 |a О влиянии размера плоскодонного отверстия в цилиндрическом образце на уровень донного сигнала  |f В. Н. Данилов 
225 1 |a Акустические методы 
320 |a Библиогр.: 9 назв. 
461 0 |0 (RuTPU)RU\TPU\prd\151  |x 0130-3082  |t Дефектоскопия  |d 1965- 
463 0 |0 (RuTPU)RU\TPU\prd\88411  |t № 9  |v С. 10-18  |d 2005 
610 1 |a цилиндрические образцы 
610 1 |a донные сигналы 
610 1 |a плоскодонные отверстия 
610 1 |a изменения размера 
610 1 |a прямые преобразователи 
610 1 |a АРД-диаграммы 
675 |a 620.179.16  |v 3 
700 1 |a Данилов  |b В. Н. 
801 1 |a RU  |b 63413507  |c 20051220  |g PSBO 
801 2 |a RU  |b 63413507  |c 20140123  |g RCR 
942 |c BK